000 00999nam a2200229 i 4500
999 _c7822
_d7822
001 991058478168306706
003 OSt
005 20231127122002.0
006 m o d |
007 cr |||||||||||
008 201029s2019 sp a ob 000 0 spa d
040 _aCDMR
_cCDMR
_bcat
110 2 _92009
_aCentro de Investigaciones Sociológicas
245 1 0 _aEstudio sobre audiencias de medios de comunicación social
_b: avance de resultados del estudio 3421 [recurs electrònic] /
_cCentro de Investigaciones Sociológicas
260 _aMadrid :
_bCentro de Investigaciones Sociológicas,
_c2023
300 _a1 recurs electrònic
650 0 _9396
_aMitjans de comunicació de massa
_zEspanya
_xPúblic
_y2023
650 0 _93121
_aTeleespectadors
_zEspanya
_y2023
650 0 _94179
_aRàdio
_xOients
_zEspanya
_y2023
856 _zAccés en línia
_uhttps://www.cis.es/-/-bcd-avance-de-resultados-del-estudio-3421-estudio-sobre-audiencias-de-medios-de-comunicacion-social
942 _2udc
_cRECURS_WEB